Ремонт и реконструкция индивидуальных домов и квартир: [монография]

Dades bibliogràfiques
Autor principal: Мештян Р.
Altres autors: Макарцев С. Н. (переводчик), Казина Г. А. (редактор)
Idioma:rus
Publicat: Москва, Стройиздат, 1978
Matèries:
Format: MixedMaterials Llibre
KOHA link:https://koha.lib.tpu.ru/cgi-bin/koha/opac-detail.pl?biblionumber=674090

MARC

LEADER 00000nam0a2200000 4500
001 674090
005 20240814161724.0
090 |a 674090 
100 |a 20240814d1978 k||y0rusy50 ca 
101 1 |a rus  |c cze 
102 |a RU 
105 |a a z 001yy 
181 0 |a i   |b  e  
182 0 |a n 
183 0 |a nc  |2 RDAcarrier 
200 1 |a Ремонт и реконструкция индивидуальных домов и квартир  |e [монография]  |f Р. Мештян  |g пер. с чеш. С. Н. Макарцева ; под ред. Г. А. Казиной 
203 |a Текст  |b визуальный  |c непосредственный 
210 |a Москва  |c Стройиздат  |d 1978 
215 |a 247 с.  |c ил. 
283 |a volume  |2 RDAcarrier 
320 |a Список литературы: с. 244 
606 1 |a Жилые здания  |x Реконструкция  |9 38023 
610 1 |a дома 
610 1 |a жилые дома 
610 1 |a строительство 
610 1 |a строительные материалы 
610 1 |a отделка 
610 1 |a отопление 
675 |a 69.059.25  |v 4 
700 1 |a Мештян  |b Р. 
702 1 |4 730  |a Макарцев  |b С. Н. 
702 1 |4 340  |a Казина  |b Г. А. 
801 0 |a RU  |b 63413507  |c 20240814 
830 |a Ретро2024Каталогизация Мотырева 
850 |a 63413507 
942 |c BK